Soil conditions and plant growth (Cost recovered) (Record no. 19437)

MARC details
000 -LEADER
fixed length control field 00302nam a2200121Ia 4500
082 ## - DEWEY DECIMAL CLASSIFICATION NUMBER
Classification number 631.4
Item number JOH
100 ## - MAIN ENTRY--AUTHOR NAME
Personal name John, Russell E
245 #0 - TITLE STATEMENT
Title Soil conditions and plant growth (Cost recovered)
250 ## - EDITION STATEMENT
Edition statement 8
260 ## - PUBLICATION, DISTRIBUTION, ETC. (IMPRINT)
Name of publisher Longmans
Year of publication 1950
942 ## - ADDED ENTRY ELEMENTS (KOHA)
Koha item type Books
Holdings
Withdrawn status Lost status Damaged status Not for loan Home library Current library Date acquired Full call number Accession Number Koha item type
      Write off RRII Library RRII Library 16/12/2021 631.4 JOH 00172 Books